000 00829cam a2200301 i 4500
001 768714001
003 CO-MdFUSB
005 20230614085049.0
007 ta
008 230614t1999 -us||||| |||| 00| 0 spa d
020 _a84-8267-095-6
040 _bspa.
_aCO-MdFUSB
_cCO-MdFUSB
_dCO-MdFUSBC
_erda
041 _aspa
082 0 4 _223
_aR 253.52
_b T728i
100 1 _aTournier, Paul (1898-)
_eautor
240 _aViolence et puissance
245 1 0 _aViolencia y poder
_c / Paul Tournier
264 1 _aBarcelona, España :
_bClie,
_c[1999]
264 4 _c© 1999
300 _a270 páginas
_c; 23 cm
336 _2rdacontent
_atexto
_btxt
337 _2rdamedia
_asin mediación
_bn
338 _2rdacarrier
_avolumen
_bnc
563 _aTapa dura
650 0 _aConsejería pastoral
_9228
942 _cREF
945 _aMag1104
999 _c31757
_d31757